000 01955nam0a2200361 i 4500
001 RU\NLR\BIBL_A\010361709
005 20260405053530.0
010 _a9785906603012
_91000
021 _aRU
_b2014-19444
_91207
035 _a(NILC)RuMoRGB-006762249
035 _a(NLR Aleph) 010361709
090 _a9578991
_c9578991
100 _a20140528d2013 km y0rusy50 ca
101 0 _arus
102 _aRU
105 _aa|||z|||000yy
200 1 _aКонституциональные и клинические особенности проявлений доброкачественной гиперплазии предстательной железы
_fДмитриев С.В., Николаев В.Г., Павловская З.А., Юсупов А.Р.
_gФедер. гос. учреждение Науч. центр профилакт. и лечеб. питания ТюмНЦ СО РАМН
210 _aТюмень
_cРИЦ "Айвекс"
_d2013
215 _a115 с.
_cил.
_d20
320 _aБиблиогр.: с. 95-115 (219 назв.)
606 _aДоброкачественная гиперплазия предстательной железы
_xРоль конституции мужчин
_92220521
_3RU\NLR\AUTH\6601566569
675 _a616.65-006
686 1 _aР696.620.42-2
701 1 _7ca
_8rus
_aДмитриев
_bС. В.
_cканд. мед. наук
_gСергей Викторович
_9142126
_3RU\NLR\AUTH\770142162
701 1 _7ca
_8rus
_aНиколаев
_bВ. Г.
_cд-р мед. наук, хирург, антрополог
_f1935-
_gВалериан Георгиевич
_3RU\NLR\AUTH\7717346
_9433
701 1 _aПавловская
_bЗ. А.
_gЗинаида Александровна
701 1 _aЮсупов
_bА. Р.
_gАльберт Рафаилович
801 0 _aRU
_bRuMoRKP
_c20140317
_gRCR
801 2 _aRU
_bРГБ
_c20140402
_grcr
942 _cBOOK
980 _aNBR